00545nam a2200133Ia 45000010005000000080041000050820022000461000114000682450119001822600061003015900007003629010027003699990015003964594241024s9999 xx 000 0 und d aRD/371/R426p/2016 aRepública Dominicana. Ministerio de Educación. Distrito Educativo 08-05 de Santiago Centro Oeste (MINERD) 0aPostulación al premio nacional de calidad y reconocimiento a prácticas promisoras, Distrito Educativo 05, 2016 bSantiago de los Caballeros, República Dominicanac2016 asi a8/3/2017 11:13:36 a.m. c8747d8747